| 000 | 01718nam a2200469Ii 4500 | ||
|---|---|---|---|
| 001 | DIGBOSCH0123 | ||
| 003 | NyNyDIG | ||
| 006 | m o d | ||
| 007 | cr ||||||||||| | ||
| 008 | 220614s2014 sp ob 000 0 spa d | ||
| 035 | _a(OCoLC)1338646338 | ||
| 040 |
_aDGITA _beng _erda _epn _cDGITA |
||
| 020 |
_a9788494264054 _qeBook |
||
| 020 | _z9788494270994 | ||
| 043 | _ae-sp--- | ||
| 050 | 1 | 4 | _aKKT4675 ebook |
| 082 | 0 | 4 | _a345.4606 |
| 100 | 1 |
_aGonzález i Jiménez, Albert, _eauthor. |
|
| 245 | 1 | 4 |
_aLas diligencias policiales y su valor probatorio / _cAlbert González i Jiménez ; prólogo, Joan Picó i Junoy. |
| 264 | 1 |
_a[Barcelona] : _bJMB Bosch Editor, _c[2014] |
|
| 300 | _a1 online resource. | ||
| 336 |
_atext _btxt _2rdacontent |
||
| 336 |
_astill image _2rdacontent |
||
| 337 |
_acomputer _bc _2rdamedia |
||
| 338 |
_aonline resource _bcr _2rdacarrier |
||
| 347 |
_atext file _2rdaft |
||
| 347 | _bPDF | ||
| 490 | 1 | _aBosch procesal | |
| 504 | _aIncludes bibliographical references. | ||
| 588 | 0 | _aOnline resource; title from PDF title page (Digitalia, viewed Jun 14, 2022) | |
| 650 | 0 |
_aEvidence, Criminal _zSpain. |
|
| 650 | 0 |
_aCriminal investigation _zSpain. |
|
| 655 | 0 | _aElectronic books. | |
| 700 | 1 |
_aPicó i Junoy, Joan, _eauthor. |
|
| 776 | 0 | 8 |
_iPrint version: _aGonzález i Jiménez, Albert. _tDiligencias policiales y su valor probatorio. _d[Barcelona] : JMB Bosch Editor, 2014 _z9788494270994 |
| 791 | 2 |
_aDigitalia (Firm), _edistributor. |
|
| 793 | 0 |
_gDigitalia eBook Collection: _aBosch Editor |
|
| 830 | 0 | _aBosch procesal. | |
| 856 | 4 | 0 |
_3Digitalia Hispánica _uhttps://www.digitaliapublishing.com/a/62040/ |
| 910 | _aPremium collection: 2022 | ||
| 942 | _cRAA | ||
| 999 |
_c258191 _d258191 |
||